<?xml version="1.0" encoding="UTF-8"?>
<collection xmlns="http://www.loc.gov/MARC21/slim">
 <record>
  <leader>     na                 </leader>
  <controlfield tag="001">INLIS000000000000671</controlfield>
  <controlfield tag="005">20220113090851</controlfield>
  <controlfield tag="035">$a 0010-0122000005</controlfield>
  <controlfield tag="245">$a Komik Next G: Akibat suka menunda /$c Hana ashila</controlfield>
  <controlfield tag="100">$a Hana ashila</controlfield>
  <controlfield tag="300">$a 96 hlm : $b ilust ; $c 14.5 x 21 cm</controlfield>
  <controlfield tag="260">$a 2021 :$b Muffin Graphics,$c 2021</controlfield>
  <controlfield tag="082">$a 813</controlfield>
  <controlfield tag="084">$a 813 HAN k</controlfield>
  <controlfield tag="020">$a 978-602-367-852-5</controlfield>
  <controlfield tag="990">$a 0306/2021</controlfield>
  <controlfield tag="990">$a 0307/2021</controlfield>
 </record>
</collection>
